000 005040000a22002050004500
020 _a3-935057-21-0
041 0 _aSPA
082 0 4 _aG 269.2 B718e
100 1 _aBonnke, Reinhard
245 1 0 _aEvangelismo con fuego / Reinhard Bonnke
250 _a4
260 _aFrankfurt, Germany : Full Flame
300 _a310 Pag.
650 1 4 _aEVANGELIZACION
001 553
942 _cBK
999 _c32069
_d32069
336 _atexto
_btxt
_2rdacontent
337 _2rdamedia
_asin mediación
_bn
338 _2rdacarrier
_avolumen
_bnc